| 000 | 00603nam a22002057a 4500 | ||
|---|---|---|---|
| 999 |
_c11521 _d11521 |
||
| 003 | AR-CdUCM | ||
| 008 | 190404b ||||| |||| 00| 0 spa d | ||
| 040 |
_aMUNICIPALIDAD PROVINCIAL DEL CUSCO _cBIBLIOTECA MUNICIPAL DEL CUSCO |
||
| 082 |
_a610 / _bA75 / 1910 |
||
| 100 |
_aArnozan, X _928938 |
||
| 245 | _aPrécis de consultations médicales / | ||
| 260 |
_aParís : _bFills, _c1910. |
||
| 300 |
_a460 páginas ; _c18 cm. |
||
| 505 | _aContenido : Idioma Francés ... | ||
| 650 |
_aConsultas _921671 |
||
| 650 |
_aMedicina _93637 |
||
| 650 |
_aFrancia _91444 |
||
| 942 |
_2ddc _cLIBROS |
||
| 945 | _arah | ||